[Event "Niedersachsen-ch U14"]
[Site "Lingen"]
[Date "2000.04.??"]
[Round "2"]
[White "Laux, Benjamin"]
[Black "Hinrichs, Reemt"]
[Result "1-0"]
[WhiteElo "1262"]
[BlackElo "893"]
[PlyCount "67"]
[EventDate "2000.04.??"]
[EventType "swiss"]
[EventRounds "7"]
[EventCountry "GER"]
[SourceTitle "EXT 2003"]
[Source "ChessBase"]
[SourceDate "2002.11.25"]
[SourceVersion "1"]
[SourceVersionDate "2002.11.25"]
[SourceQuality "1"]

1. d4 d5 2. Bf4 Nf6 3. f3 Nc6 4. Qd2 Bf5 5. Nc3 e6 6. 0-0-0 Bb4 7. g4 Bxc3 8. Qxc3 Bg6 9. e3 0-0 10. h4 h5 11. Bd3 Bxd3 12. Qxd3 Nb4 13. Qb3 Qe7 14. gxh5 Nxh5 15. Bxc7 Qxc7 16. Qxb4 Rac8 17. c3 e5 18. Ne2 Rfe8 19. Rhg1 g6 20. Rg2 Qd8 21. dxe5 Rxe5 22. Qxb7 Rc7 23. Qb5 Nf6 24. e4 Rce7 25. Rg5 Kg7 26. Rxe5 Rxe5 27. Nf4 Qa8 28. Nxd5 Rh5 29. Qc4 Nxd5 30. Rxd5 Rxh4 31. Qd4+ Kh7 32. Rd8 Qxd8 33. Qxd8 Rh1+ 34. Kc2 1-0

[Event "Niedersachsen-ch U14"]
[Site "Lingen"]
[Date "2000.04.??"]
[Round "4"]
[White "Prenzler, Daniel"]
[Black "Hinrichs, Reemt"]
[Result "1-0"]
[WhiteElo "1395"]
[BlackElo "893"]
[PlyCount "103"]
[EventDate "2000.04.??"]
[EventType "swiss"]
[EventRounds "7"]
[EventCountry "GER"]
[SourceTitle "EXT 2003"]
[Source "ChessBase"]
[SourceDate "2002.11.25"]
[SourceVersion "1"]
[SourceVersionDate "2002.11.25"]
[SourceQuality "1"]

1. f4 d5 2. Nf3 g6 3. d4 Bg7 4. e3 Nf6 5. Bd3 0-0 6. 0-0 b6 7. Bd2 Ba6 8. Nc3 c5 9. Bxa6 Nxa6 10. Ne2 Ne4 11. c3 Qd7 12. Qb3 Nc7 13. Be1 Rfc8 14. Ng3 Nxg3 15. Bxg3 c4 16. Qc2 f5 17. Bh4 Qe6 18. Rae1 h6 19. Kh1 a5 20. Rg1 Ne8 21. Re2 Bf6 22. Bxf6 exf6 23. Nh4 Qf7 24. g4 Kf8 25. gxf5 g5 26. Ng6+ Kg8 27. e4 dxe4 28. Rxe4 Rc7 29. Qg2 Nd6 30. Re7 Rxe7 31. Nxe7+ Qxe7 32. Qxa8+ Kg7 33. Qd5 Ne4 34. Qe6 Qb7 35. d5 Nc5 36. Qd6 Ne4 37. Qc6 Qe7 38. Qxb6 Qe8 39. Qe6 Qxe6 40. dxe6 Nd6 41. fxg5 hxg5 42. Rf1 Ne4 43. Kg2 Kf8 44. Re1 Nd6 45. Kf3 Nxf5 46. Re4 Nd6 47. e7+ Kf7 48. Re2 Ke8 49. Re6 Kd7 50. Rxd6+ Kxe7 51. Ra6 Kf7 52. Rxa5 1-0